[Event "Kiel op 34th"]
[Site "Kiel"]
[Date "2022.08.01"]
[Round "5"]
[White "Peglau, Charis"]
[Black "Rieper, Julian"]
[Result "1/2-1/2"]
[WhiteElo "1870"]
[BlackElo "2132"]
[PlyCount "50"]
[EventDate "2022.07.30"]
[EventType "swiss"]
[EventRounds "9"]
[EventCountry "GER"]
[SourceTitle "CBM 209 Extra"]
[Source "ChessBase"]
[SourceDate "2022.09.30"]
[SourceVersion "1"]
[SourceVersionDate "2022.09.30"]
[SourceQuality "1"]

1. d4 d5 2. c4 c6 3. Nc3 Nf6 4. Nf3 e6 5. Bf4 Nbd7 6. e3 Be7 7. Rc1 0-0 8. a3 dxc4 9. Bxc4 b5 10. Bd3 a6 11. Ne4 Qa5+ 12. Qd2 Qxd2+ 13. Nfxd2 Nd5 14. Bd6 f5 15. Bxe7 Nxe7 16. Nc5 Nxc5 17. Rxc5 Rd8 18. 0-0 Rd6 19. Rfc1 Bd7 20. Nf3 Be8 21. Ne5 g5 22. g3 g4 23. Bf1 h5 24. Bg2 Rc8 25. b4 Kg7 1/2-1/2

[Event "Innsbruck op 5th"]
[Site "Innsbruck"]
[Date "2021.08.25"]
[Round "6"]
[White "Dotzer, Lukas"]
[Black "Rieper, Julian"]
[Result "1/2-1/2"]
[WhiteElo "1978"]
[BlackElo "2110"]
[PlyCount "60"]
[EventDate "2021.08.21"]
[EventType "swiss"]
[EventRounds "9"]
[EventCountry "AUT"]
[SourceTitle "CBM 204 Extra"]
[Source "ChessBase"]
[SourceDate "2021.11.30"]
[SourceVersion "1"]
[SourceVersionDate "2021.11.30"]
[SourceQuality "1"]

1. e4 e5 2. Nf3 Nc6 3. Bc4 Nf6 4. d3 Be7 5. c3 0-0 6. 0-0 a6 7. Bb3 d5 8. exd5 Nxd5 9. Re1 Bg4 10. h3 Bh5 11. g4 Bg6 12. Nxe5 Nxe5 13. Rxe5 c6 14. Bxd5 Bd6 15. Re1 cxd5 16. Qf3 Re8 17. Be3 Bxd3 18. Nd2 Bg6 19. Bf4 Bxf4 20. Qxf4 Qb6 21. Nb3 Re4 22. Rxe4 dxe4 23. Rd1 h5 24. Qe5 hxg4 25. hxg4 a5 26. Rd6 Qc7 27. Qd5 a4 28. Nd4 Ra5 29. Rd7 Qf4 30. Rd8+ Kh7 1/2-1/2

[Event "Innsbruck op 5th"]
[Site "Innsbruck"]
[Date "2021.08.21"]
[Round "1"]
[White "Rieper, Julian"]
[Black "Koepke, Christian"]
[Result "0-1"]
[WhiteElo "2110"]
[BlackElo "2340"]
[PlyCount "70"]
[EventDate "2021.08.21"]
[EventType "swiss"]
[EventRounds "9"]
[EventCountry "AUT"]
[SourceTitle "CBM 204 Extra"]
[Source "ChessBase"]
[SourceDate "2021.11.30"]
[SourceVersion "1"]
[SourceVersionDate "2021.11.30"]
[SourceQuality "1"]

1. e4 c6 2. d4 d5 3. e5 c5 4. c3 Nc6 5. Nf3 cxd4 6. cxd4 Bg4 7. Nbd2 e6 8. Be2 Nge7 9. 0-0 Nc8 10. b3 Be7 11. Bb2 0-0 12. Ne1 Bxe2 13. Qxe2 Qb6 14. Nc2 a5 15. a4 Nb4 16. Na3 Na7 17. f4 Rac8 18. Nf3 Qa6 19. Qxa6 bxa6 20. Rad1 Rc7 21. Rf2 Rb8 22. Nb1 Na2 23. Nbd2 Rc2 24. Rb1 Nc3 25. Rc1 Rxc1+ 26. Bxc1 Rc8 27. Nf1 Ne4 28. Bd2 Nxf2 29. Kxf2 Rc2 30. Ke3 Nc6 31. Kd3 Rb2 32. Kc3 Rb1 33. Ng3 Ba3 34. f5 Nb4 35. fxe6 Bb2# 0-1

[Event "JBLN West 1819"]
[Site "Germany"]
[Date "2019.05.19"]
[Round "9.2"]
[White "Rieper, Julian"]
[Black "Lam, Daniel"]
[Result "1-0"]
[WhiteElo "2073"]
[BlackElo "1838"]
[PlyCount "45"]
[EventDate "2018.09.23"]
[EventType "team-tourn"]
[EventRounds "9"]
[EventCountry "GER"]
[SourceTitle "EXT 2020"]
[Source "ChessBase"]
[SourceDate "2019.10.17"]
[SourceVersion "1"]
[SourceVersionDate "2019.10.17"]
[SourceQuality "1"]
[WhiteTeam "Kiel Doppelbauer U20"]
[BlackTeam "Weisse Dame U20"]
[WhiteTeamCountry "GER"]
[BlackTeamCountry "GER"]

1. e4 c5 2. Nf3 d6 3. d4 cxd4 4. Nxd4 Nf6 5. Nc3 a6 6. Be3 e5 7. Nb3 Be7 8. h3 Be6 9. g4 d5 10. exd5 Nxd5 11. Bg2 Nxe3 12. Qxd8+ Bxd8 13. fxe3 Nc6 14. Nc5 Bh4+ 15. Kf1 Bc4+ 16. Kg1 0-0-0 17. b3 Be6 18. Nxe6 fxe6 19. Bxc6 bxc6 20. Ne4 Rd7 21. Kf1 Kc7 22. Ke2 Rb8 23. Nc5 1-0

[Event "JBLN West 1819"]
[Site "Germany"]
[Date "2019.02.17"]
[Round "5.2"]
[White "Rieper, Julian"]
[Black "Stelmaszyk, Nico"]
[Result "1/2-1/2"]
[WhiteElo "2073"]
[BlackElo "2111"]
[PlyCount "77"]
[EventDate "2018.09.23"]
[EventType "team-tourn"]
[EventRounds "9"]
[EventCountry "GER"]
[SourceTitle "EXT 2020"]
[Source "ChessBase"]
[SourceDate "2019.10.17"]
[SourceVersion "1"]
[SourceVersionDate "2019.10.17"]
[SourceQuality "1"]
[WhiteTeam "Kiel Doppelbauer U20"]
[BlackTeam "Lehrte U20"]
[WhiteTeamCountry "GER"]
[BlackTeamCountry "GER"]

1. e4 c5 2. Ne2 Nc6 3. Nbc3 e6 4. g3 g6 5. d4 cxd4 6. Nxd4 a6 7. Nxc6 bxc6 8. Qd4 Qf6 9. e5 Qf3 10. Qe4 Qxe4+ 11. Nxe4 f5 12. Nd6+ Bxd6 13. exd6 a5 14. Bf4 Nf6 15. c4 Kf7 16. Be5 Re8 17. h3 Ba6 18. Bd3 c5 19. f3 Reb8 20. Kd2 Rb6 21. Kc3 Ne8 22. Rad1 Nxd6 23. g4 Ne8 24. Rhe1 Rd8 25. Bc2 Bb7 26. Rd3 d5 27. cxd5 Rxd5 28. gxf5 gxf5 29. f4 Nf6 30. Bb3 Ne4+ 31. Kc2 Rxd3 32. Kxd3 Bd5 33. Bc2 Nf6 34. Rg1 Bxa2 35. Ra1 Bb3 36. Rxa5 Bxc2+ 37. Kxc2 Nd7 38. Ra7 Ke7 39. Kc3 1/2-1/2

[Event "GER-chT U20"]
[Site "Osnabrueck"]
[Date "2018.12.29"]
[Round "6.5"]
[White "Rieper, Julian"]
[Black "Wastian, Jan"]
[Result "1-0"]
[WhiteElo "2058"]
[BlackElo "1924"]
[PlyCount "77"]
[EventDate "2018.12.27"]
[EventType "team-swiss"]
[EventRounds "7"]
[EventCountry "GER"]
[SourceTitle "CBM 188 Extra"]
[Source "ChessBase"]
[SourceDate "2019.02.26"]
[SourceVersion "1"]
[SourceVersionDate "2019.02.26"]
[SourceQuality "1"]
[WhiteTeam "Kiel Doppelbauer"]
[BlackTeam "Brackel"]
[WhiteTeamCountry "GER"]
[BlackTeamCountry "GER"]

1. e4 c6 2. d4 d5 3. e5 Bf5 4. Nf3 e6 5. Be2 c5 6. c4 Ne7 7. Nbd2 cxd4 8. Nxd4 Nbc6 9. N2f3 Bg6 10. 0-0 Nf5 11. Qa4 Nfxd4 12. Nxd4 Qd7 13. cxd5 exd5 14. Bb5 Rc8 15. Re1 Bc5 16. Bxc6 bxc6 17. e6 Qd6 18. exf7+ Kxf7 19. Ne6 Bb6 20. Qg4 Rhe8 21. Bf4 Qb4 22. Re2 Kg8 23. h4 Qe7 24. Re5 Qf6 25. Rae1 Bf7 26. h5 Bxe6 27. Rxe6 Rxe6 28. Rxe6 Qf7 29. h6 g6 30. Rxg6+ Qxg6 31. Qxc8+ Kf7 32. Qd7+ Kg8 33. g3 d4 34. Bd6 d3 35. Qc8+ Kf7 36. Qf8+ Ke6 37. Qe7+ Kf5 38. Qe5+ Kg4 39. Qf4+ 1-0

[Event "GER-chT U20"]
[Site "Osnabrueck"]
[Date "2018.12.28"]
[Round "4.5"]
[White "Fidlin, Simon"]
[Black "Rieper, Julian"]
[Result "1-0"]
[WhiteElo "1893"]
[BlackElo "2058"]
[PlyCount "145"]
[EventDate "2018.12.27"]
[EventType "team-swiss"]
[EventRounds "7"]
[EventCountry "GER"]
[SourceTitle "CBM 188 Extra"]
[Source "ChessBase"]
[SourceDate "2019.02.26"]
[SourceVersion "1"]
[SourceVersionDate "2019.02.26"]
[SourceQuality "1"]
[WhiteTeam "Karlsruhe SF"]
[BlackTeam "Kiel Doppelbauer"]
[WhiteTeamCountry "GER"]
[BlackTeamCountry "GER"]

1. e4 e5 2. Nf3 Nc6 3. Bb5 a6 4. Ba4 Nf6 5. d3 b5 6. Bb3 Be7 7. 0-0 d6 8. c3 0-0 9. Re1 Na5 10. Bc2 c5 11. d4 Qc7 12. d5 Ne8 13. b3 g6 14. Nbd2 f5 15. Nf1 f4 16. Kh1 g5 17. Ng1 Nf6 18. h3 h5 19. Nh2 g4 20. f3 Rf7 21. Qe2 Rg7 22. Bd2 Bd7 23. c4 Rb8 24. Rec1 bxc4 25. bxc4 Kf7 26. Rab1 Rbg8 27. Bd3 gxh3 28. Nxh3 Rg3 29. Ng1 h4 30. Be1 Nh5 31. Qf2 h3 32. Nxh3 Rxh3 33. Qd2 Ng3+ 34. Kg1 Nb7 35. gxh3 Nxe4+ 36. Qg2 Rxg2+ 37. Kxg2 Ng5 38. h4 Bh3+ 39. Kh1 e4 40. fxe4 f3 41. hxg5 Bg2+ 42. Kg1 Bxg5 43. Rc2 Be3+ 44. Bf2 Bf4 45. Bf1 Qe7 46. Bxg2 fxg2 47. Re2 Na5 48. Nf3 Nxc4 49. Kxg2 Qd7 50. Rb3 Qg4+ 51. Kf1 Qh3+ 52. Kg1 Qg4+ 53. Kf1 Qh3+ 54. Ke1 Qh1+ 55. Ng1 Ne5 56. Kf1 Qh5 57. Rh3 Qg4 58. Rh4 Qg5 59. Nh3 Qg7 60. Nxf4 Nf3 61. Ne6 Qa1+ 62. Kg2 Nxh4+ 63. Bxh4 Qd1 64. Rf2+ Kg6 65. Kh2 c4 66. Bf6 Qh5+ 67. Kg3 Qh1 68. Bd4 Qg1+ 69. Rg2 Qd1 70. Kf4+ Kh7 71. Nf8+ Kh6 72. Bg7+ Kh5 73. Rh2# 1-0

[Event "JBLN West 1819"]
[Site "Germany"]
[Date "2018.09.23"]
[Round "1.2"]
[White "Rieper, Julian"]
[Black "Holinka, Henning"]
[Result "0-1"]
[WhiteElo "2073"]
[BlackElo "2070"]
[PlyCount "70"]
[EventDate "2018.09.23"]
[EventType "team-tourn"]
[EventRounds "9"]
[EventCountry "GER"]
[SourceTitle "EXT 2020"]
[Source "ChessBase"]
[SourceDate "2019.10.17"]
[SourceVersion "1"]
[SourceVersionDate "2019.10.17"]
[SourceQuality "1"]
[WhiteTeam "Kiel Doppelbauer U20"]
[BlackTeam "Hamburger SK U20"]
[WhiteTeamCountry "GER"]
[BlackTeamCountry "GER"]

1. e4 g6 2. d4 Bg7 3. Nc3 d6 4. f4 a6 5. a4 b6 6. Nf3 e6 7. Be2 Ne7 8. Be3 Bb7 9. 0-0 0-0 10. Qe1 c5 11. Rd1 Qc7 12. Qh4 Nbc6 13. dxc5 bxc5 14. f5 exf5 15. Bh6 f6 16. Bc4+ Kh8 17. Be6 fxe4 18. Nxe4 Nd8 19. Nfg5 fxg5 20. Nxg5 Nf5 21. Bxf5 gxf5 22. Nxh7 Kxh7 23. Bxg7+ Kxg7 24. Qg5+ Kh7 25. Rf4 Qg7 26. Qh5+ Qh6 27. Qxh6+ Kxh6 28. Rxd6+ Kg7 29. Rd7+ Rf7 30. Rxf7+ Nxf7 31. Rxf5 Re8 32. Kf2 Be4 33. Rf4 Bxc2 34. g4 Ne5 35. Kg3 Rf8 0-1

[Event "GER-ch U25-A"]
[Site "Willingen"]
[Date "2018.05.23"]
[Round "5"]
[White "Kartsev, Nikolaj"]
[Black "Rieper, Julian"]
[Result "1-0"]
[WhiteElo "1925"]
[BlackElo "2094"]
[PlyCount "65"]
[EventDate "2018.05.19"]
[EventType "swiss"]
[EventRounds "9"]
[EventCountry "GER"]
[SourceTitle "CBM 184 Extra"]
[Source "ChessBase"]
[SourceDate "2018.06.28"]
[SourceVersion "1"]
[SourceVersionDate "2018.06.28"]
[SourceQuality "1"]

1. e4 e5 2. Nf3 Nc6 3. Bb5 a6 4. Ba4 Nf6 5. d3 d6 6. c3 b5 7. Bc2 Be7 8. 0-0 0-0 9. Re1 Re8 10. Nbd2 Nb8 11. Nf1 c5 12. Ng3 h6 13. h3 Bf8 14. d4 Qc7 15. d5 g6 16. Be3 Bg7 17. Qd2 Kh7 18. Nh4 Ng8 19. f4 exf4 20. Bxf4 Nd7 21. Nf3 Ne5 22. Nxe5 Bxe5 23. Bxe5 Rxe5 24. Nf1 Qe7 25. Nh2 Qf6 26. Rf1 Qe7 27. Rae1 Qf8 28. Nf3 Re8 29. e5 Bb7 30. Nh4 Qg7 31. e6 fxe6 32. Bxg6+ Kh8 33. Rf7 1-0

[Event "GER-chT U20"]
[Site "Duesseldorf"]
[Date "2017.12.28"]
[Round "4.4"]
[White "Weis, Olga"]
[Black "Rieper, Julian"]
[Result "1/2-1/2"]
[WhiteElo "1971"]
[BlackElo "2050"]
[PlyCount "82"]
[EventDate "2017.12.27"]
[EventType "team-swiss"]
[EventRounds "7"]
[EventCountry "GER"]
[SourceTitle "CBM 182 Extra"]
[Source "ChessBase"]
[SourceDate "2018.02.23"]
[SourceVersion "1"]
[SourceVersionDate "2018.02.23"]
[SourceQuality "1"]
[WhiteTeam "Baden-Baden U20"]
[BlackTeam "Kiel Doppelbauer U20"]
[WhiteTeamCountry "GER"]
[BlackTeamCountry "GER"]

1. e4 e5 2. Nf3 Nc6 3. Bc4 Nf6 4. d3 Be7 5. c3 0-0 6. 0-0 d6 7. Bb3 Na5 8. Bc2 c5 9. Nbd2 Qc7 10. Re1 Nc6 11. Nc4 Re8 12. Ne3 h6 13. a3 Bf8 14. b4 a6 15. Bb2 Bd7 16. d4 exd4 17. cxd4 cxb4 18. d5 Ne5 19. axb4 Nfg4 20. Nxe5 Nxe3 21. Rxe3 dxe5 22. d6 Bxd6 23. Rd3 Re6 24. Bb3 Rf6 25. Bxe5 Bxe5 26. Rxd7 Qc6 27. Rxf7 Kh8 28. Rxf6 Qxf6 29. Rc1 Qf4 30. g3 Qxe4 31. Bd5 Qxb4 32. Rb1 Qc5 33. Bxb7 Rf8 34. Qe2 Bd4 35. Bf3 Qf5 36. Rb3 a5 37. Kg2 Qf6 38. Qc4 Ba7 39. Qc2 Qd4 40. Rd3 Qc5 41. Rc3 Qd4 1/2-1/2

[Event "GER-chT U20"]
[Site "Duesseldorf"]
[Date "2017.12.27"]
[Round "2.4"]
[White "Sabirov, Ramil"]
[Black "Rieper, Julian"]
[Result "0-1"]
[WhiteElo "2093"]
[BlackElo "2050"]
[PlyCount "80"]
[EventDate "2017.12.27"]
[EventType "team-swiss"]
[EventRounds "7"]
[EventCountry "GER"]
[SourceTitle "CBM 182 Extra"]
[Source "ChessBase"]
[SourceDate "2018.02.23"]
[SourceVersion "1"]
[SourceVersionDate "2018.02.23"]
[SourceQuality "1"]
[WhiteTeam "Porz SG U20"]
[BlackTeam "Kiel Doppelbauer U20"]
[WhiteTeamCountry "GER"]
[BlackTeamCountry "GER"]

1. Nf3 Nf6 2. c4 c6 3. Nc3 d5 4. e3 e6 5. b3 Bd6 6. Bb2 Nbd7 7. Qc2 0-0 8. Be2 dxc4 9. bxc4 e5 10. 0-0 Re8 11. Ng5 Qe7 12. Nge4 Bc7 13. Rae1 Nxe4 14. Nxe4 Nf8 15. Ng3 Ng6 16. Bd3 Bd7 17. Be4 Qg5 18. Rd1 Bg4 19. Rb1 Nh4 20. f3 Bc8 21. f4 exf4 22. exf4 Qh6 23. Rf2 Ng6 24. Bxg6 Qxg6 25. Qxg6 hxg6 26. Kf1 Be6 27. Rc1 Rad8 28. d4 Bg4 29. h3 Bc8 30. Rf3 a6 31. a4 Ba5 32. Kf2 c5 33. d5 b5 34. Rd3 bxc4 35. Rxc4 Bb7 36. Rxc5 Bb6 37. Bd4 Bxc5 38. Bxc5 Rxd5 39. Rxd5 Bxd5 40. Ne2 Bxg2 0-1

[Event "GER-ch U25-A"]
[Site "Willingen"]
[Date "2017.06.10"]
[Round "9"]
[White "Rieper, Julian"]
[Black "Isler, Benjamin"]
[Result "1/2-1/2"]
[WhiteElo "2019"]
[BlackElo "1595"]
[PlyCount "93"]
[EventDate "2017.06.04"]
[EventType "swiss"]
[EventRounds "9"]
[EventCountry "GER"]
[SourceTitle "CBM 178 Extra"]
[Source "ChessBase"]
[SourceDate "2017.06.22"]
[SourceVersion "1"]
[SourceVersionDate "2017.06.22"]
[SourceQuality "1"]

1. e4 e6 2. d4 d5 3. Nc3 Nf6 4. Bg5 Be7 5. e5 Nfd7 6. h4 c5 7. Bxe7 Qxe7 8. Nb5 Kd8 9. Nd6 f6 10. Nxc8 Kxc8 11. exf6 Qxf6 12. c4 Qxd4 13. Qxd4 cxd4 14. cxd5 exd5 15. 0-0-0 Nc6 16. Nf3 Rf8 17. Bb5 Nb6 18. Rhe1 Kd7 19. Rxd4 Kd6 20. Rg4 Rac8 21. Kb1 Rc7 22. Bd3 h6 23. Rg6+ Rf6 24. Rxf6+ gxf6 25. Re8 Rc8 26. Rxc8 Nxc8 27. Bb5 Kc5 28. Bxc6 bxc6 29. Kc2 Nd6 30. Nd2 Nf5 31. h5 Nd4+ 32. Kd3 Ne6 33. g3 f5 34. Nf3 Ng7 35. Nd4 Kd6 36. b4 c5 37. bxc5+ Kxc5 38. a3 a6 39. f3 Kd6 40. Ke3 Ke5 41. g4 Kf6 42. Nxf5 Nxf5+ 43. gxf5 Kxf5 44. Kd4 Kf4 45. Kxd5 Kxf3 46. Kc5 Kg4 47. Kb6 1/2-1/2

[Event "GER-ch U25-A"]
[Site "Willingen"]
[Date "2017.06.08"]
[Round "7"]
[White "Rieper, Julian"]
[Black "Reitz, Philipp"]
[Result "1-0"]
[WhiteElo "2019"]
[BlackElo "1912"]
[PlyCount "125"]
[EventDate "2017.06.04"]
[EventType "swiss"]
[EventRounds "9"]
[EventCountry "GER"]
[SourceTitle "CBM 178 Extra"]
[Source "ChessBase"]
[SourceDate "2017.06.22"]
[SourceVersion "1"]
[SourceVersionDate "2017.06.22"]
[SourceQuality "1"]

1. e4 e5 2. Nf3 Nc6 3. Bb5 Nge7 4. c3 a6 5. Ba4 g6 6. d4 Bg7 7. Nxe5 Nxe5 8. dxe5 Bxe5 9. 0-0 0-0 10. Bh6 Bg7 11. Bxg7 Kxg7 12. c4 d6 13. Nc3 Nc6 14. Nd5 Be6 15. Rc1 Rc8 16. a3 h5 17. Rc3 Ne5 18. f4 Bg4 19. Qd2 Nxc4 20. Rxc4 b5 21. Qc3+ f6 22. Rxc7+ Rxc7 23. Nxc7 bxa4 24. h3 Bd7 25. Rd1 Qe7 26. Qd4 Bc8 27. Nd5 Qe8 28. Rc1 Be6 29. Rc7+ Rf7 30. Qxf6+ Kh7 31. f5 gxf5 32. Rxf7+ Qxf7 33. Qxf7+ Bxf7 34. Nc3 fxe4 35. Nxe4 d5 36. Ng5+ Kg6 37. Nxf7 Kxf7 38. g3 Kf6 39. Kf2 d4 40. Ke2 Kf5 41. Kd3 Ke5 42. g4 h4 43. g5 Kf5 44. Kxd4 a5 45. g6 Kxg6 46. Ke4 Kf6 47. Kf4 Ke6 48. Kg4 Kd5 49. Kxh4 Kc4 50. Kg4 Kb3 51. h4 Kxb2 52. h5 Kxa3 53. h6 Kb2 54. h7 a3 55. h8Q+ Kb1 56. Qb8+ Kc2 57. Qh2+ Kb1 58. Qg1+ Kb2 59. Qf2+ Kb1 60. Qf1+ Kb2 61. Qb5+ Kc2 62. Qxa5 Kb2 63. Qb4+ 1-0

[Event "GER-ch U25-A"]
[Site "Willingen"]
[Date "2017.06.07"]
[Round "6"]
[White "Hofmann, Marko"]
[Black "Rieper, Julian"]
[Result "0-1"]
[WhiteElo "1846"]
[BlackElo "2019"]
[PlyCount "50"]
[EventDate "2017.06.04"]
[EventType "swiss"]
[EventRounds "9"]
[EventCountry "GER"]
[SourceTitle "CBM 178 Extra"]
[Source "ChessBase"]
[SourceDate "2017.06.22"]
[SourceVersion "1"]
[SourceVersionDate "2017.06.22"]
[SourceQuality "1"]

1. d4 Nf6 2. Nc3 d5 3. e4 Nxe4 4. Nxe4 dxe4 5. Bc4 Nc6 6. c3 e5 7. Qb3 Qf6 8. Be3 Qg6 9. 0-0-0 Bd6 10. h4 h5 11. d5 Nb8 12. Qc2 0-0 13. Ne2 f5 14. Bg5 f4 15. f3 Bf5 16. fxe4 Bxe4 17. Bd3 Bxd3 18. Rxd3 Nd7 19. b4 a5 20. a3 b5 21. Rg1 Nb6 22. g4 hxg4 23. Rxg4 Nc4 24. h5 Qxh5 25. Rh4 Qxg5 0-1

[Event "GER-ch U25-A"]
[Site "Willingen"]
[Date "2017.06.06"]
[Round "5"]
[White "Rieper, Julian"]
[Black "Kracht, Raphael"]
[Result "1-0"]
[WhiteElo "2019"]
[BlackElo "1821"]
[PlyCount "119"]
[EventDate "2017.06.04"]
[EventType "swiss"]
[EventRounds "9"]
[EventCountry "GER"]
[SourceTitle "CBM 178 Extra"]
[Source "ChessBase"]
[SourceDate "2017.06.22"]
[SourceVersion "1"]
[SourceVersionDate "2017.06.22"]
[SourceQuality "1"]

1. e4 e5 2. Nf3 Nc6 3. Bb5 Nge7 4. 0-0 g6 5. d4 exd4 6. Nxd4 Bg7 7. Be3 0-0 8. c4 a6 9. Ba4 d6 10. Nc3 Ne5 11. Qe2 Ng4 12. Rad1 Nxe3 13. Qxe3 Bd7 14. Bc2 Nc6 15. Nde2 Ne5 16. b3 Qh4 17. h3 Bh6 18. f4 Bc6 19. Nd5 Bxd5 20. cxd5 Rac8 21. Qa7 Nd7 22. Qxb7 Nc5 23. Qb4 Rfe8 24. Qc4 Qe7 25. Nc3 Bg7 26. Rde1 a5 27. a3 Nd7 28. Nb5 Nb6 29. Qd3 c6 30. dxc6 Rxc6 31. Bd1 Qf6 32. a4 Nd7 33. Qd5 Rec8 34. Bg4 Nb6 35. Qd3 Rd8 36. Kh1 Qe7 37. Qd2 Ra8 38. Bf3 Qd7 39. Rd1 Rac8 40. Qxa5 Bf8 41. Nd4 Ra8 42. Qb5 Rc7 43. Qxb6 Rb7 44. Qc6 Qxc6 45. Nxc6 Rxb3 46. a5 Rc8 47. Rc1 Kg7 48. a6 d5 49. exd5 Bd6 50. Rc4 Ra3 51. Na5 Ra8 52. Nb7 R8xa6 53. Nxd6 Rxd6 54. Rc6 Rd7 55. Rd1 h5 56. Rb6 h4 57. d6 Kf6 58. Bg4 Rd8 59. d7+ Ke7 60. Re1+ 1-0

[Event "GER-ch U25-A"]
[Site "Willingen"]
[Date "2017.06.04"]
[Round "2"]
[White "Melde, Benjamin"]
[Black "Rieper, Julian"]
[Result "0-1"]
[WhiteElo "1904"]
[BlackElo "2019"]
[PlyCount "88"]
[EventDate "2017.06.04"]
[EventType "swiss"]
[EventRounds "9"]
[EventCountry "GER"]
[SourceTitle "CBM 178 Extra"]
[Source "ChessBase"]
[SourceDate "2017.06.22"]
[SourceVersion "1"]
[SourceVersionDate "2017.06.22"]
[SourceQuality "1"]

1. Nf3 d5 2. g3 g6 3. Bg2 Bg7 4. 0-0 e5 5. d3 Ne7 6. c4 c6 7. cxd5 Nxd5 8. Nc3 0-0 9. Qb3 Nc7 10. Bg5 Qe8 11. Ne4 h6 12. Bxh6 Ne6 13. Bxg7 Kxg7 14. Qc3 f6 15. Nd6 Qd7 16. Nxc8 Rxc8 17. Rac1 Na6 18. e3 Nac7 19. b4 a5 20. bxa5 Nb5 21. Qd2 Qc7 22. Bh3 Re8 23. a4 Nd6 24. Qa2 Nd8 25. d4 e4 26. Nd2 Qxa5 27. Nc4 Nxc4 28. Rxc4 Qh5 29. Bg2 Rh8 30. h3 Nf7 31. Rb1 Ra7 32. Qa3 Qd5 33. Qc5 Qxc5 34. dxc5 f5 35. Rcb4 Rb8 36. f3 exf3 37. Bxf3 Ne5 38. Kg2 Kf6 39. e4 Rba8 40. exf5 Rxa4 41. Rxb7 Ra2+ 42. R1b2 gxf5 43. Kf2 Rxb2+ 44. Rxb2 Nd3+ 0-1

[Event "GER-chT U20"]
[Site "Borken"]
[Date "2016.12.29"]
[Round "5.3"]
[White "Riehle, Marco"]
[Black "Rieper, Julian"]
[Result "1/2-1/2"]
[WhiteElo "2277"]
[BlackElo "2041"]
[PlyCount "120"]
[EventDate "2016.12.27"]
[EventType "team-swiss"]
[EventRounds "7"]
[EventCountry "GER"]
[SourceTitle "EXT 2018"]
[Source "ChessBase"]
[SourceDate "2017.10.13"]
[SourceVersion "1"]
[SourceVersionDate "2017.10.13"]
[SourceQuality "1"]
[WhiteTeam "Sasbach"]
[BlackTeam "Kiel Doppelbauer"]
[WhiteTeamCountry "GER"]
[BlackTeamCountry "GER"]

1. e4 e5 2. Nf3 Nc6 3. d4 exd4 4. Bc4 Bc5 5. c3 Nf6 6. cxd4 Bb4+ 7. Kf1 d5 8. exd5 Nxd5 9. Nc3 Nb6 10. Bg5 Be7 11. Bxe7 Nxe7 12. Bd3 0-0 13. Qc2 h6 14. Re1 c6 15. h3 Ned5 16. a3 Re8 17. Rxe8+ Qxe8 18. g3 Be6 19. Kg2 Rd8 20. Ne4 Bc8 21. Nc5 Qe7 22. Bh7+ Kh8 23. Bf5 Bxf5 24. Qxf5 Nc4 25. Qd3 b5 26. Re1 Qf6 27. Re2 Ndb6 28. a4 bxa4 29. Nxa4 Nd6 30. Nc5 Nb5 31. Nb3 g6 32. Ne5 Kg7 33. Qe4 Rd5 34. Ng4 Qd8 35. Qf4 Qg5 36. Qxg5 hxg5 37. Re7 Nd7 38. Ne5 Nxe5 39. Rxe5 Rd6 40. Rxg5 Nxd4 41. Nxd4 Rxd4 42. Rc5 Rb4 43. Rxc6 Rxb2 44. Ra6 Rb7 45. h4 Kf8 46. g4 Kg7 47. Kg3 Kh7 48. f3 Kg7 49. h5 Re7 50. hxg6 fxg6 51. f4 Rf7 52. Ra4 Kh7 53. Ra5 Kg7 54. Ra6 Kh7 55. Ra5 Kg7 56. Ra4 Kh7 57. Kh4 Kh6 58. g5+ Kg7 59. Kg4 Rb7 60. Kf3 Re7 1/2-1/2

[Event "GER-chT U20"]
[Site "Borken"]
[Date "2016.12.28"]
[Round "4.3"]
[White "Rieper, Julian"]
[Black "Degenhard, Simon"]
[Result "1-0"]
[WhiteElo "2041"]
[BlackElo "1989"]
[PlyCount "121"]
[EventDate "2016.12.27"]
[EventType "team-swiss"]
[EventRounds "7"]
[EventCountry "GER"]
[SourceTitle "EXT 2018"]
[Source "ChessBase"]
[SourceDate "2017.10.13"]
[SourceVersion "1"]
[SourceVersionDate "2017.10.13"]
[SourceQuality "1"]
[WhiteTeam "Kiel Doppelbauer"]
[BlackTeam "Heilbronn"]
[WhiteTeamCountry "GER"]
[BlackTeamCountry "GER"]

1. e4 c5 2. Nc3 g6 3. f4 Bg7 4. Nf3 Nc6 5. Bb5 Nd4 6. 0-0 a6 7. Bc4 e6 8. a4 Ne7 9. e5 d5 10. Bd3 Nec6 11. b3 0-0 12. Ne2 Nxf3+ 13. Rxf3 f6 14. exf6 Bxf6 15. c3 e5 16. Bc2 Bg4 17. Rf2 exf4 18. Qf1 Bh4 19. Nxf4 Bxf2+ 20. Qxf2 Bf5 21. d3 Qd6 22. Bd2 Rae8 23. Qh4 d4 24. c4 Ne5 25. Re1 Bd7 26. a5 Bc6 27. Bd1 Qf6 28. Qg3 Qf5 29. h3 Kh8 30. Be2 Qd7 31. Bd1 Qd6 32. Qh4 Qf6 33. Qg3 Nf7 34. Rxe8 Rxe8 35. Nd5 Bxd5 36. cxd5 Qd6 37. Qf3 Kg7 38. Bf4 Qf6 39. Qg3 Ne5 40. Be2 Qd6 41. Bf3 Nxf3+ 42. Qxf3 Qf6 43. d6 Qf7 44. Qg4 Rd8 45. b4 Qf5 46. Qxf5 gxf5 47. Be5+ Kf7 48. bxc5 Ke6 49. Bxd4 Kd5 50. Be3 Kc6 51. d4 Kd5 52. g3 Ke4 53. Kf2 Rd7 54. h4 h5 55. Ke2 Rf7 56. Kd2 Rf8 57. Bg5 Rf7 58. Kc3 Rd7 59. Kc4 Kf3 60. Bf4 Ke4 61. d5 1-0

[Event "Kiel op-A 29th"]
[Site "Kiel"]
[Date "2016.08.02"]
[Round "6"]
[White "Rieper, Julian"]
[Black "Grote, Dirk"]
[Result "1/2-1/2"]
[WhiteElo "1999"]
[BlackElo "2139"]
[PlyCount "52"]
[EventDate "2016.07.30"]
[EventType "swiss"]
[EventRounds "9"]
[EventCountry "GER"]
[SourceTitle "CBM 173 Extra"]
[Source "ChessBase"]
[SourceDate "2016.08.29"]
[SourceVersion "1"]
[SourceVersionDate "2016.08.29"]
[SourceQuality "1"]

1. e4 c6 2. d4 d5 3. exd5 cxd5 4. c4 Nf6 5. Nc3 g6 6. Nf3 Bg7 7. Bd3 dxc4 8. Bxc4 0-0 9. 0-0 Bg4 10. Be3 Nc6 11. h3 Bxf3 12. Qxf3 Nxd4 13. Qxb7 Nc2 14. Rad1 Qc8 15. Qb3 Nxe3 16. fxe3 Rb8 17. Qa4 Qc5 18. Rd4 e5 19. Ne4 Nxe4 20. Rxe4 Bh6 21. b4 Bxe3+ 22. Kh1 Qc7 23. Rxe3 Qxc4 24. Rfe1 Rxb4 25. Qxa7 Ra4 26. Qe7 Rxa2 1/2-1/2